El hombre y el tiempo /

Guardado en:
Autor Principal: Priestley, J. B.
Formato: Libro
Publicado: Madrid : Aguilar, 1969
Materias:
Etiquetas: Agregar Etiqueta
Sin Etiquetas, Sea el primero en etiquetar este registro!
LEADER 00534nam a22001695a 4500
001 CEM.cems005160
005 20060220000000.0
008 130507s1969##################000#0#####d
003 CEMS
082 0 4 |a 115 
100 1 |a Priestley, J. B. 
245 1 0 |a El hombre y el tiempo / 
260 |a Madrid :  |b Aguilar,  |c 1969 
300 |a 319 p. 
505 0 |a El infinito y la medida; El numero y la función; La ciencia ideal; La estetica de las ciencias; La dinamica. 
653 |a Filosofia 
859 |a CEMS  |b BIB. CEMS - 11 de abril  |h 115  |i P933  |p 15045.88  |t Ej.1